| 000 | 00721nam a2200229 a 4500 | ||
|---|---|---|---|
| 999 |
_c2987 _d2987 |
||
| 001 | 2987 | ||
| 003 | BD-JhCC | ||
| 005 | 20171113200458.0 | ||
| 008 | 171108s bg |||| ||a| 00| 0 en d | ||
| 035 | _a(BD-JhCC)2987 | ||
| 040 |
_aBD-JhCC _dBD-JhCC |
||
| 041 | _aeng | ||
| 082 |
_a891.443 _bROB |
||
| 100 | _aঠাকুর, রবীন্দ্রনাথ | ||
| 245 |
_aচার অধ্যায় / _cরবীন্দ্রনাথ ঠাকুর; বদিউর রহমান (সম্পা.) |
||
| 260 |
_aবরিশাল : _bমনিষা, |
||
| 300 |
_a85 p. : _c20 cm. |
||
| 650 | _aBengali Novel | ||
| 700 | _a রহমান, বদিউর | ||
| 942 |
_2ddc _cBK |
||